Games that drive changes

Bibliographic Details
Main Author: Nilson, Carolyn
Format: Book
Published: New York : McGraw - Hill Inc , 1995
Subjects:

MARC

LEADER 00000cam a2200000 7i4500
001 0000003019
005 20050428.0
020 |a 0070465894 
040 |a INS 
090 0 0 |a HD58.8.   |b N56 1995 
100 1 |a Nilson, Carolyn 
245 1 0 |a Games that drive changes   |c Carolyn Nilson 
260 |a New York :   |b McGraw - Hill Inc ,   |c 1995 
300 |a 307p 
650 0 0 |a Educational games 
650 0 0 |a Employees, Training of   |x Handbooks, manual, etc 
650 0 0 |a Training   |x Handbooks, manual etc 
999 |a 0000006058   |b BOOK   |c Open Shelf   |e Default branch